| 000 | 01958nam a2200241Ia 4500 | ||
|---|---|---|---|
| 003 | OSt | ||
| 005 | 20210827140217.0 | ||
| 008 | 210310s1981 ck fr 000 0 spa d | ||
| 020 | _a8482721682 | ||
| 040 |
_aCO-JMCR _cCO-JMCR |
||
| 041 | 0 | _aspa | |
| 082 | 0 | 4 |
_a340.112 / _bC122r _223 |
| 100 | 1 |
_aCadena Corredor, Edgar Ignacio, _917196 _eautor |
|
| 245 | 1 | 3 |
_aEl régimen legal de la abogacía en Colombia / _cEdgar Ignacio Cadena Corredor |
| 260 |
_aBogotá : _bEditorial Temis, _c1981 |
||
| 300 |
_axiii, 248 páginas ; _c23 cm. |
||
| 500 | _aIncluye notas a pie de página e índice de autores, de disposiciones y de materias. | ||
| 504 | _aBibliografía: páginas [235]-237 | ||
| 505 | 0 | _aLey 16 de 1968 y decretos extraordinarios 320, 1158, 1350 y 1766 de 1970 -- Ejercicio de la profesión liberal de la abogacía -- Las leyes 62 de 1928, 21 de 1931 y 69 de 1945 -- Exequibilidad del Decreto 196 de 1971 -- Los artículos 1 y 2 del Decreto 196 de 1971 y el concepto sobre la profesión de la abogacía -- La calidad de abogado en Colombia -- Del ejercicio de la profesión. Régimen general y excepciones -- Régimen de incompatitibilidades -- Ejercicio ilegal de la profesión -- La inscripción y el título II del Decreto 196 de 1971 -- El Ministerio de Justicia y la Inspección y vigilancia de la profesión -- Los consultores jurídicos -- Importancia de una regulación ética para el ejercicio profesional de la abogacía -- Los títulos V y VI (capítulo I) del Decreto 196 de 1971 -- El tribunal disciplinario -- El consejo superior de la judicatura -- Jurisdicción y competencia en materia disciplinaria -- Prescripción de la acción y de las sanciones disciplinarias -- Aplicación supletoria de otros ordenamientos jurídicos -- Sanciones disciplinarias -- Responsabilidad de las profesiones liberales | |
| 650 | 1 | 4 |
_aAbogados _917198 _xLegislación _zColombia |
| 650 | 2 | 4 |
_aAbogados _xReglamentos _zColombia _939776 |
| 942 |
_2ddc _cBK |
||
| 999 |
_c8413 _d8413 |
||